2014/15 Premier League Teams' Sponsors Quiz Stats

Quiz not verified by Sporcle

Challenge
Share
Tweet
Embed
Score 0/20 Timer 04:00
0 Plays Today
Club Sponsor % Correct
ArsenalFly Emirates
95.3%
ChelseaSamsung
90.7%
Man CityEtihad Airways
79.1%
Man UnitedChevrolet
79.1%
EvertonChang
62.8%
LiverpoolStandard Chartered
58.1%
StokeBet365
41.9%
LeicesterKing Power
39.5%
NewcastleWonga
39.5%
QPRAirAsia
39.5%
Club Sponsor % Correct
TottenhamAIA
39.5%
Aston VillaDafabet
27.9%
SouthamptonVeho
25.6%
BurnleyFun 88
20.9%
West HamAlpari
18.6%
Crystal PalaceNeteller
16.3%
SunderlandBidvest
16.3%
West BromQuickBooks
16.3%
Hull12Bet
11.6%
SwanseaGWFX
11.6%

You're not logged in!

Compare scores with friends on all Sporcle quizzes.
Sign Up with Email
OR
Log In

You Might Also Like...

Show Comments

Extras

Top Quizzes Today


Score Distribution

Your Account Isn't Verified!

In order to create a playlist on Sporcle, you need to verify the email address you used during registration. Go to your Sporcle Settings to finish the process.

Report this User

Report this user for behavior that violates our Community Guidelines.

Details: